00513nam a22001697a 4500999001500000020001500015082001300030100002400043245002400067250001600091260004600107300001600153700002500169700001900194942000700213952012300220 c4576d4576 a0669244295 a540bHOL aHoltzclaw, Henry F. aGeneral Chemistry/  a9th edition aLexington:bD.C.Heath and company,c1991. a1007p:bill aRobinson, William R. aOdom,Jerome D. cBK 0010708REFaMLCampusbMLCampuscGENd2018-06-30l1o540 HOLp004099r2025-08-25 10:03:37s2025-08-12w2018-06-30yBK